All Taylor Swift Songs beginning with A - Statistics

General Stats
  • This quiz has been taken 13 times
  • The average score is 4 of 9
Answer Stats
Answer % Correct
All You Had To Do Was Stay
73%
Afterglow
64%
All of the Girls You Loved Before
64%
All Too Well
45%
A Place In This World
45%
Anti-Hero
36%
A Perfectly Good Heart
36%
All Too Well (10 Minute Version)
9%
A Message From Taylor
9%
No matching quizzes found
Score Distribution
Percent of People with Each Score
Percentile by Number Answered
Your Score History
You have not taken this quiz